000 00382nam a2200169#a 4500
001 01340
003 HDC
007 ta
008 230623s2023 xx 000 0 eng d
040 _aHDC
050 _aHC445.5
_b .E288 2010
245 0 _aEconomic transformation programme :
_ba roadmap for Malaysia.
942 _2lcc
942 _cBK
942 _kHC445.5
942 _m .E288 2010
999 _c22906
_d22906